|
|
|
|
| LEADER |
00000nam0a2200000 4500 |
| 001 |
2631 |
| 005 |
20231101204249.0 |
| 010 |
|
|
|a 3880224269
|
| 035 |
|
|
|a (RuTPU)RU\TPU\book\2644
|
| 035 |
|
|
|a BOOK00002651
|
| 090 |
|
|
|a 2631
|
| 100 |
|
|
|a 20011209d1996 k y0gery50 ba
|
| 101 |
0 |
|
|a ger
|
| 102 |
|
|
|a DE
|
| 105 |
|
|
|a y z 000zy
|
| 200 |
1 |
|
|a "Ich schulde der Welt einen Toten"
|e Gesprache
|f A. Kluge, H. Muller
|
| 210 |
|
|
|a Hamburg
|c Rotbuch Verlag
|d 1996
|
| 215 |
|
|
|a 106 p.
|
| 606 |
|
|
|a Немецкая философия
|z 20 век
|2 stltpush
|3 (RuTPU)RU\TPU\subj\73672
|9 86538
|
| 610 |
1 |
|
|a философия
|
| 610 |
1 |
|
|a 20 век
|
| 686 |
|
|
|a Ю3(4г)6
|v LBC/SL-A
|2 rubbk
|
| 700 |
|
1 |
|a Kluge
|b A.
|g Alexander
|
| 701 |
|
1 |
|a Muller
|b H.
|g Heiner
|
| 801 |
|
0 |
|a RU
|b 63413507
|c 20011209
|g PSBO
|
| 801 |
|
2 |
|a RU
|b 63413507
|c 20200119
|g PSBO
|
| 942 |
|
|
|c BK
|